00950nam a2200313Ia 4500001000900000003000500009005001700014008004100031010001100072020001800083040000900101082003000110100002200140245009900162260004200261300000900303440001400312500004500326503000700371505007900378650003900457650001500496650001200511650001400523650003500537650001300572700002600585700002500611dia_5977CHAP20230829134419.0220117s2004 xx 000 0 und d a177142 a970-37-0170-1 cCHAP a808.83308762 T65 S46 2004 aTolkien, J. R. R. aEl señor de los anillos /c J. R. R. Tolkien ; traducción Matilde Horne y Luis Domènech aMéxico :b Planeta Mexicana,c2004 a3 v. aMinotauro aTítulo original: The lord of the rings aC. av.La comunidad del anillo \ v. 2. Las dos torres \ v.3. El retorno del rey aEnglish literaturex20th century  aFantasia  aFantasy aFiction  aLiteratura inglesaxSiglo XX  aNovela  aDomènech, Luis, tr. aHorne, Matilde, tr.